00537nam a2200193 a 4500001001300000003000900013005001700022008004100039020001000080082001300090100002100103245007400124260004900198300000900247500003500256505001700291650001400308700002100322nice12345678IN_TiNIC20260116012226.0050524s1976 mica grp 000 0 eng  ac10000a133bNOO aNoorbergen, Rene aSoul Hustlersb an Expose of the Astrology, the Ufo Mystery That Will aMichigan bZondervan Publishing House c1976 a190p aincludes index and biblioraphy2 aBibliography aOccultism1 aNoorbergen, Rene